000 01056nam a2200289Ia 4500
003 OSt
005 20221005110623.0
006 a|||||r|||| 00| 0
007 ta
008 221004b |||||||| |||| 00| 0 hin d
020 _a9789326350488 (pbk)
_cINR 200.00
024 _a37462
037 _bBW/1689, 15/03/2018, Bookwell
_cTextual
040 _aCRL
_cCRL
_bhin
041 _2hin
_ahin
082 _aO152,8N31x, Q7
100 _aजोशी, शरद, ले.
245 0 _aयथासमय
246 _aYathāsamaya
260 _aनई दिल्ली
_bभारतीय ज्ञानपीठ भारत
_c2017
300 _a271पृ0
_ccm.
490 _aलोकोदय ग्रन्थमाला; ग्रन्थांक 1040
650 _a हिन्दी साहित्य
650 _aहिन्दी हास्य व्यग्ंय
942 _hO152,8N31x, Q7
_cTEXL
_2cc
999 _c1019368
_d1019368